| 000 | 01052 a2200253 4500 | ||
|---|---|---|---|
| 020 | _a0123694221 | ||
| 020 | _a9780123694225 | ||
| 040 |
_aDLC _bDLC |
||
| 082 | 0 | 4 | _a621.382 |
| 245 | 0 | 0 |
_aMobile broadband multimedia networks: techniques, models and tools for 4G _btechniques, models and tools for 4G _c M. Correia |
| 250 | _a1st ed. | ||
| 260 |
_aAmsterdam ; _aBoston : _bElsevier/Academic Press, _c2006. |
||
| 300 |
_axxviii, 569 p. : _bill. ; _c25 cm. |
||
| 500 | _a"This book represents the research work of COST 273"--Pref. | ||
| 500 | _a"Reprint 2007"--Tp. verso. | ||
| 650 | 0 | _aBroadband communication systems. | |
| 650 | 0 | _aWireless communication systems. | |
| 650 | 0 | _aBreedband. | |
| 700 | 1 | _aCorreia, Luis M. | |
| 710 | 2 | _aEuropean Cooperation in the Field of Scientific and Technical Research (Organization) | |
| 856 | 4 | 2 |
_3Publisher description _uhttp://www.loc.gov/catdir/enhancements/fy0827/2006922835-d.html |
| 856 | 4 | 2 |
_3Table of contents _uhttp://www.loc.gov/catdir/toc/fy0803/2006922835.html |
| 942 |
_cBK _k621.38216 COR _2ddc |
||
| 999 |
_c8192 _d8192 |
||